Départements français avec le moins de communes - Statistiques

Statistiques générales
  • Ce quiz a été pris 158 fois
  • Le résultat moyen est 15 sur 21
Statistiques - réponses
Nb de communes (2014) Département % Correct
1 Paris
94%
34 Martinique
90%
32 Guadeloupe
88%
22 Guyane
87%
17 Mayotte
87%
102 Territoire de Belfort
84%
40 Seine-Saint-Denis
82%
47 Val-de-Marne
81%
24 Réunion
80%
185 Val-d'Oise
80%
36 Hauts-de-Seine
78%
196 Essonne
73%
124 Corse-du-Sud
65%
185 Lozère
60%
172 Hautes-Alpes
58%
200 Alpes-de-Haute-Provence
55%
163 Alpes-Maritimes
55%
119 Bouches-du-Rhône
53%
153 Var
53%
151 Vaucluse
50%
195 Tarn-et-Garonne
22%
Aucun quiz correspondant
Distribution des résultats
% des personnes avec chaque résultat
Percentile par nombre de réponses
Votre historique - résultats
Vous n’avez pas pris ce quiz